|
|
|
|
| LEADER |
00000nam0a2200000 4500 |
| 001 |
275579 |
| 005 |
20231101234834.0 |
| 020 |
|
|
|a RU
|b 85-33752
|
| 035 |
|
|
|a (RuTPU)RU\TPU\book\298822
|
| 090 |
|
|
|a 275579
|
| 100 |
|
|
|a 20141114d1985 k y0rusy5003 ca
|
| 101 |
0 |
|
|a rus
|
| 102 |
|
|
|a UA
|
| 105 |
|
|
|a a z 000zy
|
| 200 |
1 |
|
|a Математические методы тепломассопереноса
|e сборник научных трудов
|f Днепропетровский государственный университет имени 300-летия воссоединения Украины с Россией ; под ред. Н. М. Беляева
|
| 210 |
|
|
|a Днепропетровск
|c Изд-во ДГУ
|d 1985
|
| 215 |
|
|
|a 117 с.
|c граф.
|
| 606 |
1 |
|
|a Массообмен
|x Математические исследования
|2 stltpush
|3 (RuTPU)RU\TPU\subj\41153
|9 60969
|
| 610 |
1 |
|
|a теплопередача
|
| 610 |
1 |
|
|a массопередача
|
| 610 |
1 |
|
|a тепломассоперенос
|
| 610 |
1 |
|
|a термогазодинамика
|
| 610 |
1 |
|
|a теплофизика
|
| 610 |
1 |
|
|a теплопроводность
|
| 610 |
1 |
|
|a тепловые поля
|
| 675 |
|
|
|a 536.24:51
|z rus
|v 4
|
| 702 |
|
1 |
|a Беляев
|b Н. М.
|g Николай Михайлович
|4 340
|
| 712 |
0 |
2 |
|a Днепропетровский государственный университет имени 300-летия воссоединения Украины с Россией
|2 stltpush
|3 (RuTPU)RU\TPU\col\11280
|
| 801 |
|
0 |
|a RU
|b RuMRKP
|c 19950704
|g psbo
|
| 801 |
|
1 |
|a RU
|b 63413507
|c 20141114
|
| 801 |
|
2 |
|a RU
|b 63413507
|c 20170329
|g RCR
|
| 942 |
|
|
|c BK
|